000 00266nam a2200097Ia 4500
082 _aLP|EF|MOSB
245 0 _aCry for help
100 _a Mosby, Steve Leicester, 2009 Large print ed
_962229
942 _cBK
008 210817s9999 xx 000 0 und d
999 _c196593
_d196592